[Event "Gibraltar Masters"]
[Site "Caleta ENG"]
[Date "2011.01.28"]
[Round "4.6"]
[White "Sasikiran, Krishnan"]
[Black "Felgaer, Ruben"]
[Result "1/2-1/2"]
[WhiteTitle "GM"]
[BlackTitle "GM"]
[WhiteElo "2690"]
[BlackElo "2585"]
[WhiteFideId "5004985"]
[BlackFideId "107069"]
[EventDate "2011.01.25"]
[EventType "swiss"]

1. d4 d5 2. c4 c6 3. Nf3 Nf6 4. Nc3 dxc4 5. a4 Bf5 6. Ne5 Nbd7 7. Nxc4 Nb6 8.
Ne5 a5 9. g3 e6 10. Bg2 Bb4 11. O-O O-O 12. e3 h6 13. Qe2 Bh7 14. Rd1 Nfd7 15.
Nd3 Qe7 16. e4 Rfd8 17. Bf4 Bd6 18. Bxd6 Qxd6 19. Qe3 Nc4 20. Qc1 Ncb6 21. Ne2
e5 22. dxe5 Nxe5 23. Nef4 Nxd3 24. Nxd3 Nd7 25. Qe3 Re8 26. Rd2 Qc7 27. Rad1 Nb6
28. b3 Bxe4 29. Bxe4 f5 30. Nc5 fxe4 31. Nxe4 Nd5 32. Qf3 Qe5 33. Re2 Rf8 34.
Qg4 Qf5 35. Qxf5 Rxf5 36. f4 Rff8 37. Rde1 Rfe8 38. Nd6 Rxe2 39. Rxe2 Rb8 40.
Re5 Kf8 41. Kg2 b6 42. Kf3 Rd8 43. Nc4 Kf7 44. h4 Kf6 45. g4 Kf7 46. f5 Ne7 47.
g5 hxg5 48. hxg5 Rd3+ 49. Ke4 Rd1 50. g6+ Kf8 51. Nxb6 Re1+ 52. Kf4 Rf1+ 53. Kg4
Rg1+ 54. Kh3 Rh1+ 55. Kg3 Rf1 56. Kg4 Rg1+ 57. Kf3 Rf1+ 58. Ke4 Re1+ 59. Kd4
Rd1+ 60. Kc3 c5 61. Nc4 Rf1 62. Nd6 Rd1 63. Re6 Rd4 64. Kc2 Rd5 65. f6 gxf6 66.
g7+ Kg8 67. Ne8 Nf5 68. Rxf6 Nxg7 69. Nxg7 Kxg7 70. Rf4 Kg6 71. Kc3 Rd1 72. Rf8
Rc1+ 73. Kd2 Rh1 74. Rc8 Rh5 75. Kc3 Kf7 76. Rc6 Ke7 77. Kc4 Rh4+ 78. Kxc5 Kd7
79. Rb6 Rh5+ 80. Kc4 Rh8 81. Kb5 Ra8 82. Rb7+ Ke6 83. Kc6 Ke5 84. Rb5+ Kd4 85.
Kb7 Rh8 86. Kb6 Ra8 87. Rxa5 Rb8+ 88. Kc6 Rxb3 89. Rd5+ Kc4 90. Rc5+ Kb4 91. a5
Rh3 92. Rb5+ Ka4 93. Rd5 Rh6+ 94. Kb7 Rh7+ 95. Kb6 Rh6+ 96. Kb7 Rh7+ 97. Kc6
Rh6+ 98. Rd6 Rxd6+ 99. Kxd6 Kxa5 1/2-1/2

[Event "Gibraltar Masters"]
[Site "Caleta ENG"]
[Date "2011.01.28"]
[Round "4.7"]
[White "Harikrishna, P."]
[Black "Kulaots, Kaido"]
[Result "1/2-1/2"]
[WhiteTitle "GM"]
[BlackTitle "GM"]
[WhiteElo "2667"]
[BlackElo "2577"]
[WhiteFideId "5007003"]
[BlackFideId "4500261"]
[EventDate "2011.01.25"]
[EventType "swiss"]

1. d4 Nf6 2. c4 g6 3. g3 Bg7 4. Bg2 d5 5. cxd5 Nxd5 6. Nf3 Nb6 7. Nc3 Nc6 8. O-O
O-O 9. d5 Na5 10. Bf4 Bxc3 11. bxc3 Qxd5 12. Bxc7 Qc5 13. Bf4 Nc6 14. a4 Rd8 15.
Qb3 Be6 16. Qb2 Bd5 17. Rfd1 Be4 18. Rdc1 Na5 19. Be3 Qd5 20. Qb4 Nbc4 21. Qxe7
Nxe3 22. fxe3 Rd7 23. Qb4 Nc4 24. Rd1 Qxd1+ 25. Rxd1 Rxd1+ 26. Kf2 Rc8 27. Qe7
Bxf3 28. Bxf3 Nd6 29. Kg2 Rxc3 30. e4 Rc8 31. e5 Nf5 32. Qxb7 Re8 33. Qxa7 Kg7
34. a5 Rxe5 35. Qc7 Ne3+ 36. Kh3 Rdd5 37. g4 Rxa5 38. Kg3 Rac5 39. Qd6 g5 40.
Kf2 Ra5 41. Qd4 Kf6 42. Qd8+ Kg7 43. Qd4 Kf6 44. Qd8+ Kg7 45. Qd4 1/2-1/2

[Event "Gibraltar Masters"]
[Site "Caleta ENG"]
[Date "2011.01.28"]
[Round "4.8"]
[White "Fridman, Daniel"]
[Black "Dzagnidze, Nana"]
[Result "1-0"]
[WhiteTitle "GM"]
[BlackTitle "GM"]
[WhiteElo "2655"]
[BlackElo "2550"]
[WhiteFideId "11600454"]
[BlackFideId "13601903"]
[EventDate "2011.01.25"]
[EventType "swiss"]

1. d4 Nf6 2. c4 e6 3. g3 d5 4. Nf3 dxc4 5. Bg2 a6 6. Ne5 c5 7. Na3 cxd4 8. Naxc4
Ra7 9. Bd2 b6 10. O-O Bb7 11. Bxb7 Rxb7 12. Rc1 Be7 13. Bc3 O-O 14. Qxd4 b5 15.
Na5 Rc7 16. Rfd1 Qc8 17. Bd2 Rd8 18. Qf4 Rc2 19. Bc3 Rxd1+ 20. Rxd1 Rxe2 21. Qf3
Re4 22. Nxf7 Ra4 23. Ne5 Qf8 24. Nac6 Bd6 25. Nxb8 Bxb8 26. Qc6 Bxe5 27. Qxe6+
Kh8 28. Bxe5 Re4 1-0

[Event "Gibraltar Masters"]
[Site "Caleta ENG"]
[Date "2011.01.28"]
[Round "4.12"]
[White "Bologan, Viktor"]
[Black "Korchnoi, Viktor"]
[Result "1/2-1/2"]
[WhiteTitle "GM"]
[BlackTitle "GM"]
[WhiteElo "2693"]
[BlackElo "2544"]
[WhiteFideId "13900048"]
[BlackFideId "1300016"]
[EventDate "2011.01.25"]
[EventType "swiss"]

1. e4 e5 2. Nf3 Nc6 3. Bc4 Bc5 4. O-O d6 5. c3 Nf6 6. d3 h6 7. Nbd2 O-O 8. Re1
Be6 9. b4 Bb6 10. a4 a5 11. b5 Ne7 12. Bxe6 fxe6 13. Nc4 Ng6 14. d4 Nd7 15. Be3
exd4 16. Nxd4 Qf6 17. Nxb6 Nxb6 18. Qb3 Rae8 19. Ne2 Kh8 20. f4 d5 21. Bc5 Rg8
22. Bd4 Qh4 23. f5 exf5 24. exf5 Ne5 25. Bf2 Qg5 26. Ng3 Nbc4 27. Qd1 c6 28.
bxc6 bxc6 29. Qh5 Qxh5 30. Nxh5 Rgf8 31. Ra2 Rxf5 32. Ng3 Rf7 33. Rae2 Ref8 34.
Bc5 Rb8 35. Bd6 Nxd6 36. Rxe5 Rb2 37. Re6 Nc4 38. h4 c5 39. h5 Rff2 40. Ne2 Rf5
41. Ng3 Rg5 42. Kh2 d4 43. Re8+ Kh7 44. Rf1 Ne3 1/2-1/2

[Event "Gibraltar Masters"]
[Site "Caleta ENG"]
[Date "2011.01.28"]
[Round "4.13"]
[White "Caruana, Fabiano"]
[Black "Fernandez Romero, Ernesto"]
[Result "1-0"]
[WhiteTitle "GM"]
[BlackTitle "IM"]
[WhiteElo "2721"]
[BlackElo "2453"]
[WhiteFideId "2020009"]
[BlackFideId "2214679"]
[EventDate "2011.01.25"]
[EventType "swiss"]

1. e4 c6 2. d4 d5 3. e5 Bf5 4. Nf3 e6 5. Be2 Nd7 6. O-O Bg6 7. Nbd2 Nh6 8. Nb3
Nf5 9. Bd2 Be7 10. g4 Nh4 11. Nxh4 Bxh4 12. f4 f5 13. exf6 Bxf6 14. g5 Be7 15.
Bg4 Bf5 16. Re1 O-O 17. Rxe6 Bxe6 18. Bxe6+ Kh8 19. Qg4 Nb6 20. Rf1 Nc4 21. Bc1
Nd6 22. Nc5 g6 23. Nd7 Rf5 24. Ne5 Qe8 25. b3 Bf6 26. Bxf5 Bxe5 27. fxe5 Nxf5
28. Ba3 Qe6 29. h4 Rd8 30. h5 Rd7 31. Rf2 Kg8 32. Qh3 Rf7 33. hxg6 Qxg6 34. c3
h5 35. Bc1 b6 36. a4 c5 37. dxc5 bxc5 38. Qd3 Qe6 39. g6 Rf8 40. Qf3 Qxe5 41.
Qxh5 Qe1+ 42. Kg2 Qe4+ 43. Kh2 Qh4+ 44. Qxh4 Nxh4 45. Rxf8+ Kxf8 46. Ba3 1-0

[Event "Gibraltar Masters"]
[Site "Caleta ENG"]
[Date "2011.01.28"]
[Round "4.14"]
[White "Melia, Salome"]
[Black "Onischuk, Alexander"]
[Result "1/2-1/2"]
[WhiteTitle "IM"]
[BlackTitle "GM"]
[WhiteElo "2449"]
[BlackElo "2689"]
[WhiteFideId "13602446"]
[BlackFideId "14101025"]
[EventDate "2011.01.25"]
[EventType "swiss"]

1. e4 e5 2. Nf3 Nc6 3. Bb5 a6 4. Ba4 Nf6 5. O-O Be7 6. Re1 b5 7. Bb3 O-O 8. d3
d6 9. c3 Na5 10. Bc2 c5 11. Nbd2 Nc6 12. Nf1 Re8 13. h3 h6 14. Ng3 Be6 15. Bb3
c4 16. Bc2 cxd3 17. Bxd3 Bf8 18. a4 b4 19. c4 b3 20. Qxb3 Rb8 21. Qd1 Nd7 22. b3
Nc5 23. Bc2 Qc7 24. Be3 Nb4 25. Rb1 Rb7 26. Nf1 Reb8 27. Bxc5 Qxc5 28. Ne3 g6
29. Qe2 Kg7 30. Red1 Be7 31. Ne1 Bg5 32. Nd3 Bxe3 33. fxe3 Nxd3 34. Qxd3 Rb6 35.
Kh2 a5 36. Rf1 Qc7 37. Rbd1 Rc6 38. Rd2 Qe7 39. Qc3 Ra8 40. Rfd1 Raa6 41. Rd3
Qg5 42. Qe1 h5 43. Qg3 Qe7 44. h4 Rab6 45. Rf1 Bg4 46. Rd2 Rc7 47. Kg1 Rb8 48.
Rd5 Rc5 49. Qe1 Qc7 50. Qf2 Qe7 51. Qe1 Qc7 52. Qf2 Qe7 53. Qe1 1/2-1/2

[Event "Gibraltar Masters"]
[Site "Caleta ENG"]
[Date "2011.01.28"]
[Round "4.15"]
[White "Mullon, Jean-Baptiste"]
[Black "Georgiev, Kiril"]
[Result "0-1"]
[WhiteTitle "IM"]
[BlackTitle "GM"]
[WhiteElo "2420"]
[BlackElo "2669"]
[WhiteFideId "613606"]
[BlackFideId "2900017"]
[EventDate "2011.01.25"]
[EventType "swiss"]

1. e4 e5 2. Nf3 Nc6 3. Bb5 a6 4. Ba4 Nf6 5. O-O Be7 6. Bxc6 dxc6 7. d3 Qd6 8. b3
Be6 9. Ba3 c5 10. Nbd2 Nd7 11. Qe2 b5 12. Rfe1 O-O 13. Nf1 a5 14. d4 exd4 15.
Qxb5 a4 16. e5 Qd5 17. c4 dxc3 18. Ne3 Qe4 19. Nd1 c6 20. Qb7 Qd3 21. Re3 Qb5 0-1

[Event "Gibraltar Masters"]
[Site "Caleta ENG"]
[Date "2011.01.28"]
[Round "4.16"]
[White "Sandipan, Chanda"]
[Black "Nezad, Husein Aziz"]
[Result "1-0"]
[WhiteTitle "GM"]
[BlackTitle "IM"]
[WhiteElo "2641"]
[BlackElo "2420"]
[WhiteFideId "5004225"]
[BlackFideId "12100293"]
[EventDate "2011.01.25"]
[EventType "swiss"]

1. c4 e6 2. g3 d5 3. Nf3 Nf6 4. Bg2 dxc4 5. Qa4+ c6 6. Qxc4 b5 7. Qc2 Bb7 8. O-O
Nbd7 9. a4 Be7 10. Nd4 Qb6 11. Nxc6 Rc8 12. axb5 a6 13. Nc3 axb5 14. Nxe7 Kxe7
15. Bxb7 Qxb7 16. b4 h5 17. h4 Ne5 18. d3 Nfg4 19. d4 Nc4 20. Qe4 Qxe4 21. Nxe4
Rhd8 22. Ra7+ Rd7 23. Bg5+ f6 24. Rxd7+ Kxd7 25. Bf4 Ra8 26. Rd1 Ra3 27. d5 e5
28. d6 Ra8 29. Nc5+ Kc6 30. d7 Rd8 31. Bc1 e4 32. Bf4 Nge5 33. Bxe5 Nxe5 34. Rd4
e3 35. f4 1-0

[Event "Gibraltar Masters"]
[Site "Caleta ENG"]
[Date "2011.01.28"]
[Round "4.17"]
[White "Sarkar, Justin"]
[Black "Berg, Emanuel"]
[Result "1/2-1/2"]
[WhiteTitle "IM"]
[BlackTitle "GM"]
[WhiteElo "2418"]
[BlackElo "2627"]
[WhiteFideId "2010011"]
[BlackFideId "1704060"]
[EventDate "2011.01.25"]
[EventType "swiss"]

1. d4 Nf6 2. c4 g6 3. Nc3 Bg7 4. e4 d6 5. Nf3 O-O 6. Be2 e5 7. O-O Nc6 8. d5 Ne7
9. Ne1 Nd7 10. f3 f5 11. Be3 f4 12. Bf2 g5 13. Rc1 Ng6 14. Nb5 Nf6 15. c5 a6 16.
cxd6 axb5 17. dxc7 Qe8 18. Qb3 g4 19. Bxb5 Bd7 20. Bxd7 Qxd7 21. Qxb7 g3 22.
hxg3 fxg3 23. Bxg3 Rac8 24. Qc6 Rf7 25. Nd3 Nh5 26. Bf2 Ngf4 27. Qxd7 Rxd7 28.
Nxf4 Nxf4 29. Rc6 Rdxc7 30. Rxc7 Rxc7 31. Rb1 Bf8 32. a4 Bb4 33. Bb6 Rc2 34. Kh1
Kf7 35. a5 Rxg2 36. Rc1 Rxb2 37. a6 Be7 38. Rc6 Rb1+ 39. Kh2 Rb2+ 40. Kh1 Rb1+
41. Kh2 Bh4 42. a7 Rb2+ 43. Kh1 Rb1+ 44. Kh2 Rb2+ 45. Kh1 Rb1+ 46. Kh2 Rb2+ 47.
Kh1 1/2-1/2

[Event "Gibraltar Masters"]
[Site "Caleta ENG"]
[Date "2011.01.28"]
[Round "4.19"]
[White "Kacheishvili, Giorgi"]
[Black "Cummings, David H."]
[Result "1-0"]
[WhiteTitle "GM"]
[BlackTitle "IM"]
[WhiteElo "2585"]
[BlackElo "2366"]
[WhiteFideId "13600613"]
[BlackFideId "2603578"]
[EventDate "2011.01.25"]
[EventType "swiss"]

1. c4 e6 2. Nc3 d5 3. d4 Be7 4. Nf3 Nf6 5. e3 O-O 6. Bd3 dxc4 7. Bxc4 c5 8. O-O
a6 9. Bd3 Nbd7 10. a4 b6 11. Qe2 Bb7 12. Rd1 Qb8 13. Bc2 Re8 14. h3 cxd4 15.
Nxd4 g6 16. e4 Bd6 17. g3 h5 18. Nf3 Qc7 19. Bg5 Nh7 20. Be3 Bc5 21. Bf4 e5 22.
Bh6 Ndf6 23. Bb3 Rad8 24. Rac1 Rxd1+ 25. Rxd1 Bf8 26. Bc1 a5 27. Ng5 Nxg5 28.
Bxg5 Nd7 29. Nb5 Qc6 30. Na7 Qc7 31. Qb5 Bd6 32. Qc4 Qxc4 33. Bxc4 Rc8 34. Nxc8 1-0

[Event "Gibraltar Masters"]
[Site "Caleta ENG"]
[Date "2011.01.28"]
[Round "4.20"]
[White "Ikonnikov, Vyacheslav"]
[Black "Karavade, Eesha"]
[Result "1-0"]
[WhiteTitle "GM"]
[BlackTitle "IM"]
[WhiteElo "2580"]
[BlackElo "2353"]
[WhiteFideId "4100972"]
[BlackFideId "5012600"]
[EventDate "2011.01.25"]
[EventType "swiss"]

1. Nf3 Nf6 2. c4 c5 3. Nc3 d5 4. cxd5 Nxd5 5. e4 Nxc3 6. dxc3 Qxd1+ 7. Kxd1 Nc6
8. Be3 e6 9. Kc2 Be7 10. a4 Bd7 11. Nd2 Na5 12. Bb5 O-O-O 13. Rhb1 b6 14. Ba6+
Kb8 15. Bf4+ Ka8 16. Bc7 Rde8 17. Nb3 Bc6 18. f3 Bb7 19. Bb5 Rc8 20. Nxa5 Rxc7
21. Nc4 Kb8 22. a5 bxa5 23. Rxa5 f6 24. Rba1 Bc8 25. R5a3 Rd8 26. Rb3 Bb7 27.
Ba6 Kc8 28. Rxb7 1-0

[Event "Gibraltar Masters"]
[Site "Caleta ENG"]
[Date "2011.01.28"]
[Round "4.21"]
[White "Mikhalevski, Victor"]
[Black "Illner, Achim, Dr."]
[Result "1-0"]
[WhiteTitle "GM"]
[BlackTitle "FM"]
[WhiteElo "2579"]
[BlackElo "2345"]
[WhiteFideId "2801914"]
[BlackFideId "4615840"]
[EventDate "2011.01.25"]
[EventType "swiss"]

1. d4 Nf6 2. c4 e6 3. g3 d5 4. Nf3 Bb4+ 5. Nbd2 O-O 6. Bg2 dxc4 7. Qc2 Nc6 8.
Qxc4 Qd5 9. O-O Bxd2 10. Qxd5 exd5 11. Bxd2 Re8 12. e3 Bf5 13. Rfc1 Be4 14. Rc5
Nd7 15. Rc3 Nf8 16. g4 Ne6 17. h4 g6 18. Kh2 f5 19. gxf5 gxf5 20. Rg1 Kf7 21.
Rxc6 bxc6 22. Ne5+ Kf6 23. f3 Bc2 24. Rc1 Ba4 25. b3 Bb5 26. a4 Be2 27. Nxc6 f4
28. e4 dxe4 29. fxe4 f3 30. Bxf3 Bxf3 31. Rf1 Rf8 32. Rxf3+ Kg6 33. h5+ Kxh5 34.
Rh3+ Kg6 35. Ne5+ Kg7 36. Bh6+ Kh8 37. Bxf8 Rxf8 38. Ng6+ 1-0

[Event "Gibraltar Masters"]
[Site "Caleta ENG"]
[Date "2011.01.28"]
[Round "4.22"]
[White "Kosintseva, Tatiana"]
[Black "Kantans, Toms"]
[Result "1-0"]
[WhiteTitle "GM"]
[BlackTitle "FM"]
[WhiteElo "2570"]
[BlackElo "2342"]
[WhiteFideId "4133471"]
[BlackFideId "11602945"]
[EventDate "2011.01.25"]
[EventType "swiss"]

1. e4 c5 2. Nf3 d6 3. d4 cxd4 4. Nxd4 Nf6 5. Nc3 g6 6. Be3 Bg7 7. f3 O-O 8. Qd2
Nc6 9. O-O-O d5 10. exd5 Nxd5 11. Nxc6 bxc6 12. Bd4 e5 13. Bc5 Be6 14. Ne4 Re8
15. h4 h6 16. c4 Nb6 17. Qc2 Qc7 18. Bd6 Qc8 19. g4 Rd8 20. h5 f5 21. gxf5 gxf5
22. Rg1 Rxd6 23. Nxd6 Qf8 24. Bh3 1-0

[Event "Gibraltar Masters"]
[Site "Caleta ENG"]
[Date "2011.01.28"]
[Round "4.23"]
[White "Lemos, Damian"]
[Black "Calzetta Ruiz, Monica"]
[Result "1-0"]
[WhiteTitle "GM"]
[BlackTitle "WGM"]
[WhiteElo "2553"]
[BlackElo "2284"]
[WhiteFideId "113581"]
[BlackFideId "2204185"]
[EventDate "2011.01.25"]
[EventType "swiss"]

1. d4 Nf6 2. c4 c5 3. d5 b5 4. cxb5 a6 5. bxa6 g6 6. Nc3 Bxa6 7. g3 d6 8. Nf3
Bg7 9. Bg2 Nbd7 10. Rb1 Nb6 11. b3 Bb7 12. Nh4 O-O 13. O-O Qd7 14. Qd2 Rfb8 15.
Bb2 h6 16. e4 Bc8 17. Rfe1 c4 18. Nf3 cxb3 19. axb3 Qe8 20. e5 dxe5 21. Nxe5 Bf5
22. Rbd1 Nc8 23. Nc6 Rxb3 24. d6 Ra6 25. dxe7 Rxc6 26. Bxc6 Qxc6 27. Nd5 Ne8 28.
Bxg7 Kxg7 29. Qd4+ Kh7 30. Rc1 Qd6 31. Qc4 Rb7 32. Nc7 Rxc7 33. Qxf7+ Ng7 34.
Rxc7 1-0

[Event "Gibraltar Masters"]
[Site "Caleta ENG"]
[Date "2011.01.28"]
[Round "4.24"]
[White "Boskovic, Drasko"]
[Black "Lafuente, Pablo"]
[Result "0-1"]
[WhiteTitle "IM"]
[BlackTitle "GM"]
[WhiteElo "2418"]
[BlackElo "2561"]
[WhiteFideId "927368"]
[BlackFideId "108820"]
[EventDate "2011.01.25"]
[EventType "swiss"]

1. e4 e6 2. d4 d5 3. Nd2 dxe4 4. Nxe4 Bd7 5. Nf3 Bc6 6. Bd3 Nd7 7. O-O Ngf6 8.
Ng3 Be7 9. b3 O-O 10. Bb2 Bxf3 11. Qxf3 c6 12. Rfe1 Re8 13. c4 Bf8 14. h3 g6 15.
Bf1 Bg7 16. Bc3 Qc7 17. Rad1 Rac8 18. Rd3 h5 19. Rde3 Bh6 20. R3e2 Qf4 21. Qd3
Bg7 22. Re3 Rcd8 23. Qc2 Qd6 24. Bd3 Qf4 25. Rf3 Qh6 26. Bd2 Qh8 27. Bg5 Nf8 28.
Rf4 Rd7 29. h4 N6h7 30. d5 Nxg5 31. hxg5 cxd5 32. cxd5 Rxd5 33. Ne4 Red8 34. Bc4
Rf5 35. Rxf5 gxf5 36. Nc5 Bc3 37. Nxe6 Nxe6 38. Bxe6 Bxe1 39. Qc7 Bxf2+ 40. Kh2
Rf8 0-1

[Event "Gibraltar Masters"]
[Site "Caleta ENG"]
[Date "2011.01.28"]
[Round "4.25"]
[White "Robson, Ray"]
[Black "Garcia Jimenez, Francisco Javier"]
[Result "1-0"]
[WhiteTitle "GM"]
[BlackTitle "FM"]
[WhiteElo "2532"]
[BlackElo "2274"]
[WhiteFideId "2023970"]
[BlackFideId "2231590"]
[EventDate "2011.01.25"]
[EventType "swiss"]

1. e4 c5 2. Nf3 Nc6 3. d4 cxd4 4. Nxd4 g6 5. Nc3 Bg7 6. Be3 Nf6 7. Bc4 O-O 8.
Bb3 Ng4 9. Qxg4 Nxd4 10. Qh4 d6 11. O-O Be6 12. Rad1 Bf6 13. Qg3 Nxb3 14. axb3
Qc7 15. f4 Bxc3 16. bxc3 f5 17. Bd4 fxe4 18. Qg5 Bf5 19. g4 e5 20. fxe5 dxe5 21.
gxf5 exd4 22. fxg6 Qxc3 23. gxh7+ Kxh7 24. Qe7+ 1-0

[Event "Gibraltar Masters"]
[Site "Caleta ENG"]
[Date "2011.01.28"]
[Round "4.28"]
[White "Bellin, Robert"]
[Black "Zatonskih, Anna"]
[Result "1/2-1/2"]
[WhiteTitle "IM"]
[BlackTitle "IM"]
[WhiteElo "2367"]
[BlackElo "2493"]
[WhiteFideId "400343"]
[BlackFideId "14101572"]
[EventDate "2011.01.25"]
[EventType "swiss"]

1. d4 d5 2. Nc3 Nf6 3. Bg5 e6 4. Nf3 h6 5. Bxf6 Qxf6 6. e4 Bb4 7. e5 Bxc3+ 8.
bxc3 Qe7 9. a4 c5 10. Qd2 Qc7 11. Bb5+ Bd7 12. Rb1 Bxb5 13. Rxb5 Nd7 14. O-O O-O
15. Rfb1 Rab8 16. Ne1 a6 17. R5b3 Qa5 18. Rxb7 Qxa4 19. Qd1 Qc6 20. R7b3 c4 21.
Rxb8 Rxb8 22. Ra1 Rb6 23. f4 f5 24. Kf2 Nf8 25. Ke3 Qb5 26. Kd2 Ng6 27. g3 Ne7
28. Qc1 Nc8 29. Ng2 Na7 30. Ne3 Qe8 31. Qd1 Nb5 32. g4 Qe7 33. Ra4 Qh4 34. Qg1
fxg4 35. f5 Nc7 36. fxe6 h5 37. Ra1 Rxe6 38. Rb1 Qg5 39. Rb7 Re7 40. Qg2 Kh7 41.
Qg3 Rf7 42. e6 Rf3 43. Qe5 Qxe5 44. dxe5 Nxe6 45. Nxd5 Rf5 46. Re7 Rxe5 47. Nc7
Ng5 48. Rxe5 Nf3+ 49. Ke3 Nxe5 50. Nxa6 Kg6 51. Nc5 Kf5 52. Ne4 g6 53. Ng3+ Kg5
54. Kf2 Nf3 1/2-1/2

[Event "Gibraltar Masters"]
[Site "Caleta ENG"]
[Date "2011.01.28"]
[Round "4.29"]
[White "Al-Sayed, Mohammed"]
[Black "Oberhofer, Andre"]
[Result "1/2-1/2"]
[WhiteTitle "GM"]
[WhiteElo "2490"]
[BlackElo "2270"]
[WhiteFideId "12100196"]
[BlackFideId "24654140"]
[EventDate "2011.01.25"]
[EventType "swiss"]

1. d4 Nf6 2. c4 e6 3. Nc3 d5 4. cxd5 exd5 5. Bg5 Be7 6. e3 Be6 7. Bd3 Nbd7 8.
Nge2 O-O 9. O-O Re8 10. Nf4 c6 11. Qc2 Qb8 12. Nxe6 fxe6 13. f4 Qd8 14. Rf3 h6
15. Bxf6 Bxf6 16. Bh7+ Kh8 17. Bg6 Re7 18. g4 Nf8 19. Raf1 Nxg6 20. Qxg6 Qe8 21.
Qd3 g6 22. g5 Bg7 23. gxh6 Bf6 24. Rg3 Kh7 25. Kh1 Qf7 26. Rfg1 Rg8 27. e4 Ree8
28. Rf3 Bd8 29. Rgg3 Ref8 30. Kg2 Bc7 31. Rg4 Qf6 32. h4 Kxh6 33. Rfg3 Bb6 34.
h5 Qxd4 35. Rxg6+ Rxg6 36. Rxg6+ Kh7 37. Qxd4 Bxd4 38. Rxe6 Rxf4 39. exd5 Bxc3
40. bxc3 cxd5 41. Re7+ Kh6 42. Rxb7 Ra4 43. Rb2 Kxh5 44. Kf3 Ra3 45. Ke3 Rxc3+
46. Kd4 Ra3 47. Kxd5 Kg4 48. Kc5 Kf4 49. Kb4 Ra6 50. Re2 Kf3 51. Rc2 Ke4 52. Kb5
Ra3 53. Kb4 Ra6 54. a4 Kd5 55. Kb5 Rb6+ 56. Ka5 Kd6 57. Rc8 Rc6 58. Ra8 a6 59.
Ra7 Kc5 60. Rh7 Kd6 61. Rg7 Kc5 1/2-1/2

[Event "Gibraltar Masters"]
[Site "Caleta ENG"]
[Date "2011.01.28"]
[Round "4.30"]
[White "Jones, Richard S."]
[Black "Soffer, Ram"]
[Result "1/2-1/2"]
[WhiteTitle "FM"]
[BlackTitle "GM"]
[WhiteElo "2361"]
[BlackElo "2489"]
[WhiteFideId "1800833"]
[BlackFideId "2800101"]
[EventDate "2011.01.25"]
[EventType "swiss"]

1. e4 d6 2. Nc3 Nf6 3. f4 d5 4. e5 d4 5. exf6 dxc3 6. fxg7 cxd2+ 7. Qxd2 Qxd2+
8. Bxd2 Bxg7 9. O-O-O Be6 10. Ne2 Nc6 11. Bc3 Rg8 12. Bxg7 Rxg7 13. Ng3 Rd8 14.
Bb5 Rxd1+ 15. Rxd1 h5 16. f5 Bd7 17. Nxh5 Rxg2 18. f6 Rxh2 19. Ng7+ Kd8 20. Ne6+
Kc8 21. Bxc6 bxc6 22. Nd4 exf6 23. Rf1 c5 24. Nb3 c4 25. Nc5 Bg4 26. Rxf6 Rh5
27. Rf4 Rxc5 28. Rxg4 Kd7 29. Kd2 Ke6 30. b4 cxb3 31. cxb3 Ke5 32. Ra4 a5 33.
Ke3 f5 34. Kf3 Rb5 35. Ke3 Rc5 1/2-1/2

[Event "Gibraltar Masters"]
[Site "Caleta ENG"]
[Date "2011.01.28"]
[Round "4.31"]
[White "Pogonina, Natalija"]
[Black "Vaarala, Eric"]
[Result "1/2-1/2"]
[WhiteTitle "WGM"]
[WhiteElo "2472"]
[BlackElo "2152"]
[WhiteFideId "4147855"]
[BlackFideId "1711962"]
[EventDate "2011.01.25"]
[EventType "swiss"]

1. e4 c5 2. Nf3 b6 3. d4 cxd4 4. Nxd4 Bb7 5. Bd3 a6 6. O-O Qc7 7. Qe2 e6 8. Nc3
Nf6 9. e5 Nd5 10. Nxd5 Bxd5 11. c4 Bb7 12. Bf4 g5 13. Bg3 h5 14. h3 g4 15. h4
Bc5 16. Nc2 f5 17. Kh2 Nc6 18. Rfe1 O-O-O 19. a3 Rdf8 20. b4 Nd4 21. Nxd4 Bxd4
22. Bf4 Qc6 23. Qf1 Bxa1 24. Rxa1 Kb8 25. a4 Rc8 26. a5 bxa5 27. Rxa5 Qb6 28.
Qe1 Qd4 29. Qd2 Be4 30. Bf1 Qxd2 31. Bxd2 Kb7 32. Kg3 Rc6 33. c5 Kc7 34. Kf4 Rb8
35. Ke3 Kb7 36. Kd4 Ra8 37. g3 Rcc8 38. Bg5 Re8 39. Bf4 Bc6 40. Bg5 Bf3 1/2-1/2

[Event "Gibraltar Masters"]
[Site "Caleta ENG"]
[Date "2011.01.28"]
[Round "4.32"]
[White "Nisipeanu, Liviu-Dieter"]
[Black "Tate, Alan"]
[Result "1-0"]
[WhiteTitle "GM"]
[WhiteElo "2678"]
[BlackElo "2292"]
[WhiteFideId "1202758"]
[BlackFideId "2401878"]
[EventDate "2011.01.25"]
[EventType "swiss"]

1. d4 Nf6 2. c4 c5 3. d5 b5 4. Qc2 e6 5. e4 exd5 6. cxd5 c4 7. Nc3 Bb4 8. Be2
O-O 9. Nf3 Re8 10. Bg5 h6 11. Bxf6 Qxf6 12. O-O Bxc3 13. bxc3 Qg6 14. Nd4 Bb7
15. Bf3 Na6 16. Rab1 Nc5 17. Rxb5 Rac8 18. Nf5 Ba6 19. Rbb1 d6 20. g3 Rc7 21.
Bg2 Bc8 22. Rb8 Qf6 23. Nd4 Bd7 24. Rxe8+ Bxe8 25. Rb1 Qd8 26. Qe2 Na4 27. Qe3
Bd7 28. f4 Rc8 29. e5 dxe5 30. fxe5 Rb8 31. Rf1 Qa5 32. e6 fxe6 33. dxe6 Be8 34.
Qf4 1-0

[Event "Gibraltar Masters"]
[Site "Caleta ENG"]
[Date "2011.01.28"]
[Round "4.33"]
[White "Nikolaidis, Konstantinos"]
[Black "Edouard, Romain"]
[Result "0-1"]
[WhiteTitle "FM"]
[BlackTitle "GM"]
[WhiteElo "2284"]
[BlackElo "2634"]
[WhiteFideId "4200578"]
[BlackFideId "633429"]
[EventDate "2011.01.25"]
[EventType "swiss"]

1. Nf3 c5 2. c4 Nc6 3. Nc3 e5 4. g3 g6 5. Bg2 Bg7 6. O-O Nge7 7. a3 O-O 8. Rb1
d6 9. b4 Rb8 10. Ne1 Be6 11. d3 b6 12. Bg5 f6 13. Bd2 Qd7 14. b5 Nd4 15. e3 Ndf5
16. a4 h5 17. a5 h4 18. axb6 axb6 19. Ra1 Nh6 20. Ra6 h3 21. Bh1 d5 22. cxd5
Nxd5 23. Qa4 Nb4 24. Ra7 Qd8 25. Nb1 Nxd3 26. Nxd3 Qxd3 27. Be4 Qe2 28. Re1 Qh5
29. Re7 Bf7 30. Qa7 f5 31. Bh1 e4 32. Bc3 Rbd8 33. Bxg7 Rd1 0-1